How many cities can you name in Rhode Island? (Cityquiz.io) - Statistics

General Stats
  • This quiz has been taken 124 times
  • The average score is 23 of 62
Answer Stats
County Population Answer % Correct
Providence 190,934 Providence
95%
Newport 25,163 Newport
89%
Bristol 22,493 Bristol
86%
Kent 82,823 Warwick
73%
Providence 47,139 East Providence
68%
Providence 82,934 Cranston
66%
Providence 75,604 Pawtucket
66%
Providence 43,240 Woonsocket
61%
Providence 34,114 North Providence
55%
Kent 35,688 Coventry
48%
Providence 22,529 Lincoln
48%
Providence 22,583 Central Falls
45%
Washington 14,532 Narragansett
45%
Kent 31,012 West Warwick
45%
Washington 7,825 Kingstown
43%
Newport 3,616 Little Compton
43%
Washington 27,732 North Kingstown
43%
Washington 18,423 Westerly
43%
Bristol 17,153 Barrington
41%
Providence 36,405 Cumberland
41%
Kent 14,312 East Greenwich
41%
Washington 6,460 Exeter
41%
Newport 17,871 Portsmouth
41%
Providence 22,118 Smithfield
41%
Washington 31,931 South Kingstown
41%
Bristol 11,147 Warren
41%
Washington 8,020 Richmond
39%
Newport 7,809 Tiverton
39%
Kent 6,528 West Greenwich
39%
Washington 7,997 Charlestown
36%
Washington 8,398 Hopkinton
36%
Newport 5,559 Jamestown
36%
Providence 29,568 Johnston
36%
Providence 12,588 North Smithfield
36%
Providence 10,384 Scituate
36%
Providence 16,158 Burrillville
34%
Providence 9,974 Glocester
34%
Newport 17,075 Middletown
34%
Washington 1,410 New Shoreham
34%
Washington 1,501 Ashaway
25%
Washington 1,870 Hope Valley
25%
Newport 12,337 Newport East
25%
Washington 422 Quonochontaug
25%
Washington 212 Watch Hill
25%
Washington 415 Wyoming
25%
Washington 924 Carolina
23%
Providence 9,061 Greenville
23%
Providence 12,094 Valley Falls
23%
Providence 1,704 Chepachet
20%
Providence 8,140 Cumberland Hill
20%
Providence 333 Foster Center
20%
Kent 914 Greene
20%
Washington 434 Misquamicut
20%
Washington 3,308 Narragansett Pier
20%
Washington 8,925 Wakefield-Peacedale
20%
Washington 1,457 Bradford
18%
Providence 312 Clayville
18%
Providence 1,036 Harmony
18%
Newport 1,609 Melville
18%
Providence 4,641 Pascoag
18%
Providence 1,745 Harrisville
16%
Washington 467 Weekapug
11%
No matching quizzes found
Score Distribution
Percent of People with Each Score
Percentile by Number Answered
Your Score History
You have not taken this quiz